| 000 | 00482nam a2200169 a 4500 | ||
|---|---|---|---|
| 001 | 000047182 | ||
| 005 | 20201002053426.0 | ||
| 008 | 180418s2017 dr a 000 spa d | ||
| 020 | _a9789945124453 | ||
| 040 |
_aDO-SdBNP _bspa _cBNPHU |
||
| 082 |
_axxx _bL563 |
||
| 100 | 1 |
_aArvelo, Thelma _974859 |
|
| 245 | 0 |
_aLengua espaƱola 1 :. : _bnivel secundario. |
|
| 260 |
_aSanto Domingo : _bSusaeta Ediciones, _c2017. |
||
| 300 |
_a219 p. : _bil ; _c30 cm. |
||
| 590 | _aInventariado, 2018 | ||
| 999 |
_c46670 _d46670 |
||